| 000 | 00000nam 2200000za 4500 |
| 001 | 9.836408 |
| 003 | CaOODSP |
| 005 | 20221107150907 |
| 007 | cr ||||||||||| |
| 008 | 170509s2017 onc ob f000 0 eng d |
| 022 | |z1925-1017 |
| 040 | |aCaOODSP|beng |
| 043 | |an-cn--- |
| 086 | 1 |aH113-28/2017-1E-PDF|zH113-28/2017-1E |
| 245 | 00|aGlyphosate |h[electronic resource]. |
| 260 | |aOttawa : |bPest Management Regulatory Agency, Health Canada, |c2017. |
| 300 | |a103 p. |
| 490 | 1 |aRe-evaluation decision, |x1925-1025 ; |vRVD2017-01 |
| 500 | |aIssued also in French under title: Glyphosate. |
| 500 | |aCover title. |
| 500 | |a“28 April 2017.” |
| 504 | |aIncludes bibliographical references. |
| 520 | |a"After a re-evaluation of the herbicide glyphosate, Health Canada’s Pest Management Regulatory Agency (PMRA), under the authority of the Pest Control Products Act and Regulations, is granting continued registration of products containing glyphosate for sale and use in Canada. An evaluation of available scientific information found that products containing glyphosate do not present risks of concern to human health or the environment when used according to the revised label directions. As a requirement for the continued registration of glyphosate uses, new risk reduction measures are required for the end-use products registered in Canada. No additional data are being requested at this time“--Re-evaluation decision, p. 2. |
| 530 | |aIssued also in print format. |
| 692 | 07|2gccst|aHerbicides |
| 692 | 07|2gccst|aCertification |
| 692 | 07|2gccst|aToxicology |
| 710 | 1 |aCanada. |bHealth Canada. |
| 710 | 1 |aCanada. |bPest Management Regulatory Agency. |
| 775 | 08|tGlyphosate |w(CaOODSP)9.836411 |
| 830 | #0|aRe-evaluation decision (Canada. Pest Management Regulatory Agency)|x1925-1025 ; |vRVD2017-01|w(CaOODSP)9.505209 |
| 856 | 40|qPDF|s772 KB|uhttps://publications.gc.ca/collections/collection_2017/sc-hc/H113-28/H113-28-2017-1-eng.pdf |